| 000 | 00589nam a22001817a 4500 | ||
|---|---|---|---|
| 005 | 20240517160432.0 | ||
| 010 | _aENG-140344 | ||
| 020 |
_c250.00 _a9788119664306 |
||
| 035 | _aEN-123876 | ||
| 037 | _bDBAD | ||
| 082 | _a370 | ||
| 100 |
_aParankimalil, John _966406 |
||
| 245 |
_aUnveiling Extraordinary Educators / _cBy John Parankimalil |
||
| 260 |
_aBengaluru _bATC Publishers _c2023 |
||
| 270 |
_aSt. Mary's Block, Archdiocesan Pastoral Centre, #5, Nandidurga Road, Benson Town , _bBengaluru _e560046 |
||
| 300 |
_a244p.: _c21cm(pb) |
||
| 942 |
_2ddc _cEN _h370 _mPAR |
||
| 999 |
_c202893 _d202893 |
||